The Designs ACT, 2000 (Record no. 367157)
[ view plain ]
| 000 -LEADER | |
|---|---|
| fixed length control field | 00496 a2200145 4500 |
| 005 - DATE AND TIME OF LATEST TRANSACTION | |
| control field | 20250730115424.0 |
| 008 - FIXED-LENGTH DATA ELEMENTS--GENERAL INFORMATION | |
| fixed length control field | 250728b |||||||| |||| 00| 0 eng d |
| 020 ## - INTERNATIONAL STANDARD BOOK NUMBER | |
| International Standard Book Number | 9789391005009 |
| 041 ## - LANGUAGE CODE | |
| Language code of text/sound track or separate title | English |
| 100 ## - MAIN ENTRY--PERSONAL NAME | |
| Author | Commercial Law Publishers |
| 245 ## - TITLE STATEMENT | |
| Title | The Designs ACT, 2000 |
| Remainder of title | : (Act, 16 Of 2000) Alongwith The Design Rules, 2001 (As Abended vide GSR 45(E) Dt. 21.1.2021, w.e.f 25.1.25) |
| 260 ## - PUBLICATION, DISTRIBUTION, ETC. | |
| Name of publisher, distributor, etc. | Commercial Law Publishers (India) Pvt. Ltd |
| Date of publication, distribution, etc. | 2025 |
| 300 ## - PHYSICAL DESCRIPTION | |
| Extent | 69 |
| 942 ## - ADDED ENTRY ELEMENTS (KOHA) | |
| Koha item type | Books |
| Withdrawn status | Lost status | Source of classification or shelving scheme | Damaged status | Not for loan | Home library | Current library | Date acquired | Vendor | Net Price | Total Checkouts | Full call number | Barcode | Date last seen | Date last checked out | Actual Price | Bill Date | Koha item type |
|---|---|---|---|---|---|---|---|---|---|---|---|---|---|---|---|---|---|
| Dewey Decimal Classification | Cummins College of Engineering for Women Pune | Cummins College of Engineering for Women Pune | 21/07/2025 | 63 | 90.00 | 1 | 346.0486 COM | CCEP-BK-68992 | 17/03/2026 | 07/08/2025 | 100.00 | 21/07/2025 | Books |